000 00247nam a2200097Ia 4500
001 719715
005 20250826163048.0
008 250824s9999 xx 000 0 und d
245 0 _aUYUYAN ÖLÜM
_cAGATHA CHRISTIE
260 _bALTIN KİTAPLAR YAYINLARI
999 _c719715
_d719715